000
00299nam a2200121Ia 4500
008
231106s2017 xx 000 0 und d
041
_a
eng
082
_a
751.42
100
_a
HAZEL LALE
245
_a
DRAWING AND PAINTING WITH WATER SOLUBLE MEDIA
260
_b
SEARCH PRESS
_c
2017
300
_a
P-128
999
_c
920146
_d
920146